00753nam a22002057a 4500999001900000005001700019010001500036020002600051035001400077037001300091082001100104100002400115245006200139260004500201270006400246300002300310500005000333942002500383952013900408 c173094d17309420200218130821.0 aENG-127901 c695.00a9780199493623 aEN-111433 bDBAD/PUB a336.54 aReddy, Y.Venugopal  aIndian fiscal federalism/cby Y.V. Reddy [and] G.R. Reddy aNew Delhic2019bOxford University Press a2/11 Ground Floor,Ansari Road,Dariyaganje110002bNew Delhi axvii;273p.b22(hb) aincludes bibliographical references and index 2ddccENhRIDk336.54 001040708NFICaLbLd2020-02-18eDBAD/PUBg695.00l1m1oRIDpEN-111433r2023-07-15 00:00:00s2023-06-14t1v695.00w2020-02-18yEN